000 01111cad a22002775a 4500
001 L148488
008 090923e20090827xxk f lf000 0 eng d
035 _a(Sirsi) u148488
041 0 _aeng
050 0 4 _a346.41042 $2 18
110 2 _aUnited Kingdom
_kLaws, etc.
_95044
245 0 4 _aThe Commonhold (Amendment) Regulations 2009
_h[electronic resource]
260 _aLondon
_bOPSI
_c2009
490 0 _aSI
_v(2363) 2009
520 _aAmend the Commonhold Regulations 2004. Modifications include: changing references to "memorandum" to "articles"; delete Schedule 1; substitute new prescribed articles for commonhold association in Schedule 2.
520 _aComes into force on 1st October 2009.
521 _aAdvanced
590 _aKA
650 2 4 _aTHE COMMONHOLD (AMENDMENT) REGULATIONS 2009
650 2 4 _aCOMPANIES ACT 2006
650 2 4 _aCOMMONHOLD AND LEASEHOLD REFORM ACT 2002
651 4 _aEngland
_y886-
690 _aPlanning and development
_96259
856 4 0 _uhttps://www.opsi.gov.uk/si/si2009/uksi_20092363_en_1
_zView the item free of charge online at www.opsi.gov.uk...
942 _n0
999 _c110063
_d110063